00664 a2200181 45000010006000000050017000060080041000230030015000640400040000790800091001192450056002100200018002662640051002843000019003355050099003540410008004531000021004615475020260407155823.0260407a1984 arg spa dAR-UNSa-BCEJYS aAR-UNSa-BCEJYSbspacAR-UNSa-BCEJYS a316.7xSociología de la cultura. contexto cultural de la vida social (posmodernidad)10aLos intelectuales y la organización de la cultura a950-602-016-7 1aBuenos Aires :bEdiciones Nueva Visiónc1984 a183 p.c20 cm. a1. Para una historia de los intelectuales - 2. La organización de la cultura - 3. Periodismo aspa1 aGramsci, Antonio